000 00705nam a2200205 u 4500
001 000020359
005 20240409073824.0
008 100813s2008 dr 000 j spa d
020 _a9789945421439
040 _aDO-SdBNP
_bspa
_cBNPHU
082 _aRD863.5
_bD159c
100 1 _aDamirĂ³n, Anya
_943024
245 1 4 _aLos cuentos de Lucia /
_cAnaya DamirĂ³n ; ilustraciones Pablo Espino.
260 _aSanto Domingo :
_bLucia Stores,
_c2008.
300 _a12 p. :
_bil. ;
_c26 cm.
590 _aLa biblioteca posee tres ejemplares autografiados por el autor
650 0 _aCuentos infantiles dominicanos
_9505
650 4 _aLiteratura infantil dominicana
_9441
910 _aValidado. Control de calidad MFF
999 _c19863
_d19863